| 000 | 00481nam a2200133Ia 4500 | ||
|---|---|---|---|
| 008 | 220620s9999||||xx |||||||||||||| ||und|| | ||
| 020 | _a9783040000000 | ||
| 245 | 0 |
_aAdvances in Aquatic Invertebrate Stem Cell Research _bFrom Basic Research to Innovative Applications |
|
| 546 | _aEnglish[eng] | ||
| 650 | _aaquaculture||fisheries||stem cell | ||
| 700 | _aBallarin, Loriano||Rinkevich, Baruch||Hobmayer, Bert | ||
| 856 | _uhttps://mdpi.com/books/pdfview/edition/5071 | ||
| 942 | _cEB | ||
| 999 |
_c29626 _d29626 |
||